Races de chiens des pays nordiques - Statistiques

Statistiques générales
  • Ce quiz a été pris 6 fois
  • Le résultat moyen est 6 sur 24
Statistiques - réponses
Par images Hint Réponse % Correct
Finlande Chien d'Ours de Carélie
67%
Finlande Spitz Finlandais
67%
Islande Chien de Berger d'Islande
50%
Norvège Buhund Norvégien
33%
Norvège Chien d'Élan Norvégien Gris
33%
Norvège Chien d'Élan Norvégien Noir
33%
Norvège Chien Norvégien de Macareux
33%
Suède Lapphund Suédois
33%
Suède Spitz de Norrbotten
33%
Suède Vallhund Suédois
33%
Norvège Chien Courant de Halden
17%
Suède Chien Courant de Hamilton
17%
Norvège Chien Courant de Hygen
17%
Suède Chien Courant de Schiller
17%
Suède Chien Courant du Småland
17%
Finlande Chien Courant Finnois
17%
Norvège Chien Courant Norvégien
17%
Danemark Chien d'Arrêt Danois Ancestral
17%
Suède Chien de ferme Dano-Suédois
17%
Suède Chien d'Élan Suédois
17%
Finlande Chien Finois de Laponie
17%
Finlande Berger Finois de Laponie
0%
Danemark Broholmer
0%
Suède Drever
0%
Aucun quiz correspondant
Distribution des résultats
% des personnes avec chaque résultat
Percentile par nombre de réponses
Votre historique - résultats
Vous n’avez pas pris ce quiz